<?xml version="1.0" encoding="UTF-8"?>
<record
    xmlns:xsi="http://www.w3.org/2001/XMLSchema-instance"
    xsi:schemaLocation="http://www.loc.gov/MARC21/slim http://www.loc.gov/standards/marcxml/schema/MARC21slim.xsd"
    xmlns="http://www.loc.gov/MARC21/slim">

  <leader>02483    a2200373   4500</leader>
  <datafield tag="240" ind1=" " ind2=" ">
    <subfield code="a">Etude socio-&#xE9;conomique de la dynamique de la main d'oeuvre agricole dans les syst&#xE8;mes &#xE0; base de coton : cas de la Commune de Glazou&#xE9;</subfield>
  </datafield>
  <datafield tag="260" ind1=" " ind2=" ">
    <subfield code="a">Abomey-Calavi</subfield>
  </datafield>
  <datafield tag="100" ind1=" " ind2=" ">
    <subfield code="a">ALOKPA&#xCF;, Nestor</subfield>
  </datafield>
  <datafield tag="041" ind1=" " ind2=" ">
    <subfield code="b">Fr</subfield>
  </datafield>
  <datafield tag="260" ind1=" " ind2=" ">
    <subfield code="b">FSA/UAC</subfield>
  </datafield>
  <datafield tag="300" ind1=" " ind2=" ">
    <subfield code="a">XVIII-129 p.</subfield>
  </datafield>
  <datafield tag="650" ind1=" " ind2=" ">
    <subfield code="a">SYSTEME D'EXPLOITATION AGRICOLE</subfield>
  </datafield>
  <datafield tag="650" ind1=" " ind2=" ">
    <subfield code="a">MAIN D'OEUVRE</subfield>
  </datafield>
  <datafield tag="650" ind1=" " ind2=" ">
    <subfield code="a">PRODUCTION</subfield>
  </datafield>
  <datafield tag="650" ind1=" " ind2=" ">
    <subfield code="a">AGRICULTURE</subfield>
  </datafield>
  <datafield tag="260" ind1=" " ind2=" ">
    <subfield code="c">18 D&#xE9;cembre 2002</subfield>
  </datafield>
  <datafield tag="130" ind1=" " ind2=" ">
    <subfield code="l">Fr</subfield>
  </datafield>
  <datafield tag="040" ind1=" " ind2=" ">
    <subfield code="a">Support  </subfield>
  </datafield>
  <datafield tag="710" ind1=" " ind2=" ">
    <subfield code="a">Abomey-Calavi, Universit&#xE9; d'Abomey-Calavi, Facult&#xE9; des Sciences Agronomiques, Bj</subfield>
  </datafield>
  <datafield tag="651" ind1=" " ind2=" ">
    <subfield code="a">COMMUNE DE GLAZOUE</subfield>
  </datafield>
  <datafield tag="041" ind1=" " ind2=" ">
    <subfield code="b">Fr</subfield>
  </datafield>
  <datafield tag="041" ind1=" " ind2=" ">
    <subfield code="b">En</subfield>
  </datafield>
  <datafield tag="500" ind1=" " ind2=" ">
    <subfield code="a">Annexes</subfield>
  </datafield>
  <datafield tag="100" ind1=" " ind2=" ">
    <subfield code="u">Abomey-Calavi, Universit&#xE9; d'Abomey-Calavi, Facult&#xE9; des Sciences Agronomiques, Bj</subfield>
  </datafield>
  <datafield tag="502" ind1=" " ind2=" ">
    <subfield code="a">Th&#xE8;se pour l'obtention du Dipl&#xF4;me d'Ing&#xE9;nieur Agronome</subfield>
  </datafield>
  <datafield tag="653" ind1="1" ind2=" ">
    <subfield code="a">Economie, Socio-Anthropologie et Communcation</subfield>
  </datafield>
  <datafield tag="245" ind1=" " ind2=" ">
    <subfield code="a">Socio-economic study of labour force dynamics in farming systems based on cotton : the case of Glazou&#xE9;</subfield>
  </datafield>
  <datafield tag="300" ind1=" " ind2=" ">
    <subfield code="b">29 cm</subfield>
  </datafield>
  <datafield tag="653" ind1=" " ind2="1">
    <subfield code="a">Economie, Socio-Anthropologie et Communication pour le D&#xE9;veloppement Rural</subfield>
  </datafield>
  <datafield tag="651" ind1=" " ind2=" ">
    <subfield code="a">BENIN</subfield>
  </datafield>
  <datafield tag="520" ind1=" " ind2=" ">
    <subfield code="a">Le d&#xE9;veloppement de l'agriculture d&#xE9;pend de la disponibilit&#xE9; des principaux facteurs de production agricoles qui sont la terre, la main d'oeuvre et la capital. Ce sont en effet ces facteurs, que l'exploitant combine d'une mani&#xE8;re coh&#xE9;rente dans son exploitation pour atteindre ses objectifs qui sont d'ordre socio-&#xE9;conomique et culturel. Dans le cas pr&#xE9;sent, c'est la main d'oeuvre agricole qui constitue un facteur limitant &#xE0; la production pour les exploitants de Glazou&#xE9; et les difficult&#xE9;s de mobilisation et de gestion de cette main d'oeuvre s'accentuent de jour en jour.  Ces probl&#xE8;mes sont dus aux diff&#xE9;rentes mutations que connaissent le monde rural exacerb&#xE9; par la promotion contonni&#xE8;re. La pr&#xE9;sente recherche vise &#xE0; &#xE9;tudier comment la main d'oeuvre est mobilis&#xE9;e et g&#xE9;r&#xE9;e par les exploitants dans cette zone. La d&#xE9;marche m&#xE9;thodologique adopt&#xE9;e est essentiellement bas&#xE9;e sur deux principales phases. La premi&#xE8;re est la phase th&#xE9;orique essentiellement bas&#xE9;e sur la documentation. La deuxi&#xE8;me est la phase empirique qui est organis&#xE9;e en trois autres phases &#xE0; savoir la phase exploratoire, la pr&#xE9;-enqu&#xEA;te et la phase approfondie...</subfield>
  </datafield>
  <datafield tag="690" ind1=" " ind2=" ">
    <subfield code="a">ETUDE SOCIO-ECONOMIQUE</subfield>
  </datafield>
  <datafield tag="999" ind1=" " ind2=" ">
    <subfield code="c">32009</subfield>
    <subfield code="d">32009</subfield>
  </datafield>
  <datafield tag="952" ind1=" " ind2=" ">
    <subfield code="0">0</subfield>
    <subfield code="1">0</subfield>
    <subfield code="4">0</subfield>
    <subfield code="7">0</subfield>
    <subfield code="a">BIDOC</subfield>
    <subfield code="b">BIDOC</subfield>
    <subfield code="d">0000-00-00</subfield>
    <subfield code="l">0</subfield>
    <subfield code="o">T.ESAC.2002.008</subfield>
    <subfield code="r">2009-02-28 00:00:00</subfield>
    <subfield code="t">02</subfield>
    <subfield code="w">2009-02-28</subfield>
    <subfield code="y">LIVR</subfield>
    <subfield code="z">A.9243</subfield>
  </datafield>
</record>
